Sports Quiz

Random Sports or Clickable Quiz

Click-n-Match: NFL Division Minefield Quiz Stats

Quiz Updated May 15, 2017

Also try: NFL Teams (Redux)
Challenge
Share
Tweet
Embed
Score 0/32 Timer 03:00
17 Plays Today
% Correct
???
57.9%
???
56.3%
???
55%
???
53.4%
???
53.2%
???
52.5%
???
52.5%
???
52.3%
???
52.3%
???
51.9%
???
51.8%
???
51.6%
???
51.6%
???
51.5%
???
51%
???
50.6%
% Correct
???
50%
???
49.5%
???
49.4%
???
49.4%
???
48.5%
???
48%
???
47.2%
???
46.5%
???
46.4%
???
46.1%
???
45.5%
???
42.9%
???
42.6%
???
42.4%
???
42.4%
???
42.2%

You're not logged in!

Compare scores with friends on all Sporcle quizzes.
Sign Up with Email
OR
Log In

You Might Also Like...

Show Comments

Extras

Top Quizzes Today


Score Distribution

Your Account Isn't Verified!

In order to create a playlist on Sporcle, you need to verify the email address you used during registration. Go to your Sporcle Settings to finish the process.